Biggest villages and towns of Faroe Islands - Statistics

General Stats
  • This quiz has been taken 9 times
  • The average score is 7 of 24
Answer Stats
Kommun Population Town % Correct
Tórshavnar 14.217 Tórshavn
100%
Eiðis 689 Eiði
57%
Klaksvíkar 5141 Klaksvík
57%
Runavíkar 561 Runavík
57%
Fuglafjarðar 1630 Fuglafjørður
43%
Hvalbiar 566 Hvalba
43%
Tórshavnar 822 Kollafjørður
43%
Vága 1137 Miðvágur
43%
Vága 1004 Sandavágur
43%
Sands 542 Sandur
43%
Sørvágs 1157 Sørvágur
43%
Eystur 1036 Leirvík
29%
Nes 1087 Toftir
29%
Vágs 1327 Vágur
29%
Tórshavnar 2614 Argir
14%
Tórshavnar 4701 Hoyvík
14%
Tvøroyrar 848 Tvøroyri
14%
Vestmanna 1257 Vestmanna
14%
Eystur 651 Norðragøta
0%
Runavíkar 1245 Saltangará
0%
Runavíkar 780 Skála
0%
Sjóvar 1121 Strendur
0%
Eystur 515 Syðrugøta
0%
Tvøroyrar 522 Trongisvágur
0%
No matching quizzes found
Score Distribution
Percent of People with Each Score
Percentile by Number Answered
Your Score History
You have not taken this quiz